Šumavské kvítí směs lidových valčíků /
| Main Author: | Sak, Tomáš, 1928-2016 |
|---|---|
| Other Authors: | Slabák, Jan, 1941-, Strouhal, Dominik, 1916-1982, Mellan, Josef |
| Language: | Czech |
| Published: |
Praha : Panton, 1981 |
| Edition: | 1. vyd. |
| Series: |
Dechová hudba (Panton)
|
| Physical Description: |
20 hlasů |
| LEADER | 01034ncm a22002772a 4500 | ||
|---|---|---|---|
| 001 | 001091254 | ||
| 003 | CZ BrMZK | ||
| 005 | 20110412143204.0 | ||
| 007 | qu | ||
| 008 | 100323s1981 xr |||||||||||||||||cze d | ||
| 040 | |a BOA001 |b cze | ||
| 072 | 7 | |a 784 |x Vokální hudba |2 Konspekt |9 9 | |
| 100 | 1 | |a Sak, Tomáš, |d 1928-2016 |7 mzk2003167690 |4 arr | |
| 245 | 1 | 0 | |a Šumavské kvítí |h [hudebnina] : |b směs lidových valčíků / |c Tomáš Sak. Slovácké polky : směs / podle úprav Jana Slabáka a Dominika Strouhala k tisku připravil Josef Mellan |
| 250 | |a 1. vyd. | ||
| 260 | |a Praha : |b Panton, |c 1981 | ||
| 300 | |a 20 hlasů | ||
| 490 | 1 | |a Dechová hudba ; |v 6 | |
| 700 | 1 | |a Slabák, Jan, |d 1941- |7 jn20000710536 |4 arr | |
| 700 | 1 | |a Strouhal, Dominik, |d 1916-1982 |7 ola200204656 |4 arr | |
| 700 | 1 | |a Mellan, Josef |7 ola2008474782 |4 arr | |
| 830 | 0 | |a Dechová hudba (Panton) | |
| 910 | |a BOA001 |b Mus3-0835.686 | ||
| 990 | |a MU | ||
| 991 | |b 201004 | ||
| 996 | 6 | |b 2619328596 |c Mus3-0835.686 |l MZK |r Sklad / do 1 hodiny |n 2 |w 001116011 |u 000010 |a 1 |e BOA001 |j MZK50 |s P | |
English
Čeština 